000 00583nam a2200205Ia 4500
005 20250701164508.0
008 008 250505s9999 xx 000 0 eng d
020 _a9780195388312
037 _aTextual
040 _aEASL
_beng
_cEASL
041 _aeng
_2eng
084 _aV41.19, P9
_qEASL
100 _aWilson Scott
245 0 _aRemade in China : Foreign Investors and Institutional Change in China
260 _aUSA
_bNY Oxford Univ Press
_c2009
300 _a290 pg
365 _aUK
_b3924 rps
942 _cTEXL
_hV41.19, P9
999 _c1433273
_d1433273